| 000 | 01064nas a2200265Ia 4500 | ||
|---|---|---|---|
| 001 | R138/F8764 | ||
| 003 | IT-RoPAU | ||
| 008 | 151124c99999999xx |||||||||||| ||und|| | ||
| 040 | _aIT-RoPAU | ||
| 040 | _cIT-RoPAU | ||
| 041 | _aITALIANO | ||
| 100 |
_aAA.VV. _gCodice Aut. SPICS: 12000 |
||
| 210 | _aFAMIGLIA OGGI | ||
| 222 | _aFamiglia Oggi | ||
| 245 |
_aFAMIGLIA OGGI, ANNO 22-N.O4 (APRILE 1999) _bFamiglia Oggi, Anno 22-N.O4 (Aprile 1999) |
||
| 250 | _a1a ed. | ||
| 260 |
_aALBA (CN) _bPERIODICI SAN PAOLO _c1999 |
||
| 501 |
_bPaulus - SPICS - SocietĂ San Paolo EM (non-commercial uses only) _cCopyright2015 |
||
| 300 | _a100 p. | ||
| 310 | _aMENSILE | ||
| 362 | _aANNO 022, N.O4 (APRILE 1999) | ||
| 500 | _aNumero Speciale Sul Figlio Adolescente: anche i Genitori Crescono con Lui.Contributi di Autori Vari: Coppia con Figli Adolescenti: Effetti su Maritoe Moglie di Secondo Giacobbi, Peso dei Pregiudizi nel Rapporto tra Genitori e Figli di Domenico BarrilĂ , Im | ||
| 650 |
_aCOMUNICAZIONE - FAMIGLIA _vPUBBLICAZIONE PERIODICA |
||
| 942 | _cCR | ||
| 999 |
_c146623 _d146623 |
||